Statistiques concernant Buteurs en Quart de finale de LDC 2020

Cliquez ici pour prendre le quiz!

Statistiques générales

  • Ce quiz a été pris 253 fois
  • Le résultat moyen est 11 sur 17

Statistiques - réponses

EquipeJoueur% Correct
BayernLewandowski
91%
BayernMuller
91%
ParisChoupo-Moting
82%
BarçaSuarez
80%
LyonDembele
76%
ParisMarquinhos
76%
BayernCoutinho
74%
BayernGnabry
74%
CityDeBruyne
71%
BayernKimmich
70%
LyonCornet
69%
BayernAlaba
57%
AtalantaPasalic
42%
BayernPerisic
39%
AtleticoFelix
36%
LeipzigOlmo
22%
LeipzigAdams
15%

Distribution des résultats

Percentile par nombre de réponses

% des personnes avec chaque résultat

Votre développement - résultats

Vous n’avez pas pris ce quiz